000 00474nam a2200169Ia 4500
008 110201s9999 xx 000 0 und d
082 _bB2714
_aKS 599
100 _aनलगे राजाराम
245 _aईर्षा
260 _bसुरेश वैदय
365 _b35
600 _aनलगे राजाराम
630 _aईर्षा
700 _aनलगे राजाराम
730 _aईर्षा
942 _cBOOK
999 _c829567
_d829564